000 00463 a2200169 4500
003 OSt
005 20231207141531.0
008 231207b |||||||| |||| 00| 0 eng d
020 _a8189645463
020 _a9788189920203
040 _coclc
082 _a959.8
_bSYE/W
245 _aWorld infopaedia : Indonesia /
260 _aNew Delhi:
_bPragun publications,
_c2007.
300 _a534p
942 _2ddc
_cBK
_h959.8
_iSYE/W
_k959.8
_mSYE/W
999 _c43736
_d43736